| 000 | 00771namaa22002171 4500 | ||
|---|---|---|---|
| 001 | 177796 | ||
| 003 | ES-MaACL | ||
| 005 | 20250815110844.0 | ||
| 008 | 110427s1958 sp |||| | spa d | ||
| 080 | _a55(076) | ||
| 100 | 1 |
_aLlopis Lladó, Noel. _972839 |
|
| 245 | 1 | 0 |
_aPrácticas de geología / _cpor N. Llopis Lladó y J.A. Martínez Alvarez. |
| 260 |
_aOviedo : _bInstituto de Geología Aplicada, _c1958. |
||
| 300 |
_a116 p., 1 h. : _bil. ; _c24 cm. |
||
| 500 | _aMap. y gráf. intercal. | ||
| 500 | _aCuaderno de Prácticas de Geología, adaptado al temario oficial del Curso selectivo de Ciencias. | ||
| 650 | 0 | 7 |
_aGeología _2embne _913086 |
| 700 | 1 |
_aMartínez Alvarez, J. A. _977849 |
|
| 852 |
_aES-MaACL _jC-17936 |
||
| 999 |
_c177796 _d177796 |
||